[Event "19th EUR-ch"]
[Site "Batumi GEO"]
[Date "2018.03.22"]
[Round "6.144"]
[White "Shamatava, Nikolozi"]
[Black "Henseler, Jorgen"]
[Result "1-0"]
[WhiteElo "1570"]
[BlackElo "2043"]
[EventDate "2018.03.17"]
[PlyCount "73"]

1.d4 Nf6 2.Nf3 g6 3.Bg5 Bg7 4.Nbd2 d5 5.e3 O-O 6.Be2 c5 7.O-O cxd4 8.exd4 
Nc6 9.Nb3 Bf5 10.c3 Qb6 11.Ne5 a5 12.a4 Rac8 13.Bb5 Rfd8 14.Qe2 Ne4 15.Be3
Qc7 16.f3 Nxc3 17.bxc3 Nxe5 18.dxe5 Qxc3 19.Nd4 Bxe5 20.Nxf5 gxf5 21.Rac1 
Qb2 22.Qxb2 Bxb2 23.Rxc8 Rxc8 24.Bb6 Bc3 25.Rd1 e6 26.Kf1 Bb4 27.Bd4 Rc2 
28.Bd3 Ra2 29.Rc1 h5 30.Rc8+ Kh7 31.Bb5 Bd6 32.Rh8+ Kg6 33.Rg8+ Kh6 34.Bf6
Rc2 35.Be8 Rc8 36.Bxf7 Rxg8 37.Bxg8 1-0

[Event "19th EUR-ch"]
[Site "Batumi GEO"]
[Date "2018.03.22"]
[Round "6.145"]
[White "Yeremian, Alen"]
[Black "Day, Thomas W."]
[Result "0-1"]
[WhiteElo "1961"]
[BlackElo "2083"]
[EventDate "2018.03.17"]
[PlyCount "66"]

1.e4 g6 2.d4 Bg7 3.Nc3 d6 4.Be3 Nf6 5.Be2 O-O 6.Qd2 c6 7.O-O-O b5 8.e5 Ng4
9.Bxg4 Bxg4 10.f3 Be6 11.Bh6 dxe5 12.Bxg7 Kxg7 13.Qe3 Qc7 14.h4 Nd7 15.h5 
exd4 16.Rxd4 Qe5 17.Qd2 Nf6 18.hxg6 fxg6 19.Qh6+ Kf7 20.Nge2 Bc4 21.Rd2 
Rad8 22.a3 a5 23.Ne4 Rxd2 24.Qxd2 Nxe4 25.fxe4 Kg8 26.Nd4 Qxe4 27.b3 Rf1+ 
28.Rxf1 Bxf1 29.Nf3 a4 30.bxa4 bxa4 31.Qh6 Bxg2 32.Ng5 Qe1+ 33.Kb2 Qh1 0-1

[Event "19th EUR-ch"]
[Site "Batumi GEO"]
[Date "2018.03.22"]
[Round "6.146"]
[White "Trisha, Kanyamarala"]
[Black "Ziroian, David"]
[Result "1/2-1/2"]
[WhiteElo "1956"]
[BlackElo "2080"]
[EventDate "2018.03.17"]
[PlyCount "118"]

1.c4 Nf6 2.Nc3 c5 3.g3 g6 4.Bg2 Bg7 5.a3 O-O 6.Rb1 e6 7.e4 Nc6 8.Nge2 d6 
9.d3 Ne7 10.b4 cxb4 11.axb4 d5 12.cxd5 exd5 13.e5 Nd7 14.d4 Nb6 15.O-O Bf5
16.Ra1 Qd7 17.Nf4 Rfc8 18.Qb3 Rd8 19.b5 Be6 20.Ba3 Bf8 21.Bc5 Nbc8 22.Ra2 
Bh6 23.Nfe2 Bh3 24.Rfa1 Bxg2 25.Kxg2 b6 26.Ba3 Bf8 27.Nf4 Bh6 28.Nfe2 Nf5 
29.g4 Nxd4 30.Nxd4 Qxg4+ 31.Kh1 Qxd4 32.Rd1 Qh4 33.Nxd5 Bg5 34.f4 Ne7 35.
Bxe7 Bxe7 36.Rad2 Rac8 37.e6 fxe6 38.Nxe7+ Qxe7 39.Rxd8+ Rxd8 40.Rxd8+ 
Qxd8 41.Qxe6+ Kg7 42.Qe5+ Kh6 43.h3 Qd1+ 44.Kh2 Qc2+ 45.Kg3 Qc5 46.Qe8 
Qg1+ 47.Kf3 Qf1+ 48.Kg3 a5 49.bxa6 Qxa6 50.Qf8+ Kh5 51.Qe7 Qd3+ 52.Kg2 
Qc2+ 53.Kg3 Qb3+ 54.Kg2 Kh6 55.Qf8+ Kh5 56.Qe7 Qb2+ 57.Kg3 Qc3+ 58.Kg2 Kh6
59.Qg5+ Kg7 1/2-1/2

[Event "19th EUR-ch"]
[Site "Batumi GEO"]
[Date "2018.03.22"]
[Round "6.147"]
[White "Soyunlu, Narmin"]
[Black "Asatrian, Gor"]
[Result "1/2-1/2"]
[WhiteElo "2035"]
[BlackElo "1852"]
[EventDate "2018.03.17"]
[PlyCount "55"]

1.c4 c6 2.d4 d5 3.Nf3 Nf6 4.Qc2 g6 5.e3 Bf5 6.Bd3 Bxd3 7.Qxd3 Bg7 8.O-O 
O-O 9.b3 Nbd7 10.Nbd2 Re8 11.Bb2 e6 12.Rad1 c5 13.dxc5 Nxc5 14.Qe2 Qa5 15.
a3 Nce4 16.Nxe4 dxe4 17.Nd2 e5 18.b4 Qa4 19.Rc1 b6 20.c5 Rac8 21.Qc4 bxc5 
22.bxc5 Qxc4 23.Rxc4 Red8 24.Nb1 Rd5 25.c6 Rb5 26.Bc3 Nd5 27.a4 Rb6 28.Rd1
1/2-1/2

[Event "19th EUR-ch"]
[Site "Batumi GEO"]
[Date "2018.03.22"]
[Round "6.148"]
[White "Tskipurishvili, Daviti"]
[Black "Ismayilov, Muhammad"]
[Result "0-1"]
[WhiteElo "1710"]
[BlackElo "2021"]
[EventDate "2018.03.17"]
[PlyCount "90"]

1.d4 d5 2.Nf3 Nf6 3.c4 c6 4.Nc3 dxc4 5.a4 Bf5 6.e3 e6 7.Bxc4 Bb4 8.O-O 
Nbd7 9.Na2 Bd6 10.Re1 O-O 11.Bd3 Bxd3 12.Qxd3 e5 13.e4 Re8 14.dxe5 Nxe5 
15.Nxe5 Bxe5 16.Qxd8 Raxd8 17.f3 Rd3 18.Kf1 Bxh2 19.Be3 a6 20.Nc1 Rd6 21.
Nb3 Bg3 22.Red1 Red8 23.Rxd6 Bxd6 24.Rd1 Bc7 25.Rxd8+ Bxd8 26.Bg5 h6 27.
Bxf6 Bxf6 28.Na5 b6 29.Nxc6 Bxb2 30.Nb4 b5 31.axb5 axb5 32.Ke2 f6 33.Kd2 
Kf7 34.Kc2 Be5 35.Nd5 Kg6 36.Kb3 Kg5 37.Kb4 Kh4 38.Kxb5 Kg3 39.Kc4 g5 40.
Ne3 Bf4 41.Nf5+ Kxg2 42.Nxh6 Kxf3 43.Kd5 g4 44.Nf5 g3 45.Ke6 Be5 0-1

[Event "19th EUR-ch"]
[Site "Batumi GEO"]
[Date "2018.03.22"]
[Round "6.149"]
[White "Janiashvili, Mariami"]
[Black "Pipia, Ekaterine"]
[Result "1-0"]
[WhiteElo "1987"]
[BlackElo "1737"]
[EventDate "2018.03.17"]
[PlyCount "63"]

1.d4 d5 2.c4 e6 3.Nc3 Be7 4.Nf3 Nf6 5.Bg5 O-O 6.e3 h6 7.Bxf6 Bxf6 8.Qd2 c6
9.h4 Nd7 10.g4 Be7 11.cxd5 exd5 12.Bd3 Nb6 13.Rg1 c5 14.O-O-O Nc4 15.Qe2 
cxd4 16.Nxd4 Ne5 17.Bb1 Bb4 18.Qc2 g6 19.Nf5 Bxf5 20.gxf5 Bxc3 21.bxc3 Qd6
22.Qb3 Rad8 23.fxg6 f5 24.e4 fxe4 25.Bxe4 Kg7 26.Rxd5 Qf6 27.Qxb7+ Nd7 28.
Rxd7+ Kg8 29.Bd5+ Rf7 30.gxf7+ Kh7 31.Be4+ Kh8 32.f8=R+ 1-0

[Event "19th EUR-ch"]
[Site "Batumi GEO"]
[Date "2018.03.22"]
[Round "6.150"]
[White "Tsotsonava, Elene"]
[Black "Mochalin, Faddey"]
[Result "0-1"]
[WhiteElo "1789"]
[BlackElo "2110"]
[EventDate "2018.03.17"]
[PlyCount "70"]

1.e4 e6 2.d4 d5 3.Nd2 Be7 4.Bd3 c5 5.dxc5 Nf6 6.Ngf3 dxe4 7.Nxe4 Nxe4 8.
Bxe4 Qxd1+ 9.Kxd1 Bxc5 10.Ke2 Nd7 11.Bf4 Ke7 12.Rad1 Nf6 13.Bd3 b6 14.c3 
Bb7 15.h3 Rhd8 16.Rhe1 a5 17.Ne5 Nd5 18.Bg3 f6 19.Nf3 Kf7 20.a4 e5 21.Kf1 
Nxc3 22.bxc3 Rxd3 23.Rxd3 Ba6 24.Bxe5 Bxd3+ 25.Kg1 Bc2 26.Nd4 Bxa4 27.Bf4 
Bd7 28.Nb3 Bf8 29.Bc7 a4 30.Nc1 Be6 31.Re2 a3 32.Na2 Rc8 33.Bxb6 Rb8 34.
Be3 Rb2 35.Rd2 Rxa2 0-1

[Event "19th EUR-ch"]
[Site "Batumi GEO"]
[Date "2018.03.24"]
[Round "7.1"]
[White "Naer, Evgeny"]
[Black "Wojtaszek, Radoslaw"]
[Result "1/2-1/2"]
[WhiteElo "2683"]
[BlackElo "2738"]
[EventDate "2018.03.17"]
[PlyCount "92"]

1.e4 c5 2.Nf3 d6 3.d4 cxd4 4.Nxd4 Nf6 5.Nc3 a6 6.Bd3 e5 7.Nde2 Be7 8.O-O 
O-O 9.Ng3 Be6 10.Nd5 Bxd5 11.exd5 g6 12.Bh6 Re8 13.c4 Nbd7 14.b4 Bf8 15.
Bg5 h6 16.Bd2 e4 17.Be2 Bg7 18.a3 a5 19.Rc1 axb4 20.axb4 h5 21.Qb3 b6 22.
Rfd1 Ra7 23.Bf4 Qe7 24.Re1 Qf8 25.Bf1 Bh6 26.Qe3 Kh7 27.Bxh6 Qxh6 28.Qxh6+
Kxh6 29.Ne2 Ne5 30.Nc3 Nd3 31.Bxd3 exd3 32.Red1 Ra3 33.Rxd3 Rb3 34.Rf3 Kg7
35.Nb5 Rxb4 36.Nxd6 Rd8 37.Nb5 Nxd5 38.Rd3 Rd7 39.g3 Nf6 40.Rxd7 Nxd7 41.
Nd6 Rb2 42.Rd1 Ne5 43.Rd5 Ng4 44.Ne4 Re2 45.Nd2 Re5 46.Rd4 b5 1/2-1/2

[Event "19th EUR-ch"]
[Site "Batumi GEO"]
[Date "2018.03.24"]
[Round "7.2"]
[White "Nabaty, Tamir"]
[Black "Siugirov, Sanan"]
[Result "1/2-1/2"]
[WhiteElo "2690"]
[BlackElo "2652"]
[EventDate "2018.03.17"]
[PlyCount "52"]

1.e4 c5 2.Nf3 d6 3.d4 cxd4 4.Nxd4 Nf6 5.f3 e5 6.Nb3 d5 7.Bg5 Be6 8.Bxf6 
gxf6 9.exd5 Qxd5 10.Qxd5 Bxd5 11.Nc3 Be6 12.Nb5 Kd8 13.O-O-O+ Kc8 14.Nc3 
Nd7 15.Nd5 h5 16.Bb5 Bxd5 17.Bxd7+ Kxd7 18.Rxd5+ Ke6 19.Rhd1 h4 20.Kb1 Rg8
21.c4 Rxg2 22.Nd4+ Ke7 23.f4 Rxh2 24.Nf5+ Ke6 25.Nd4+ Ke7 26.Nf5+ Ke6 
1/2-1/2

[Event "19th EUR-ch"]
[Site "Batumi GEO"]
[Date "2018.03.24"]
[Round "7.3"]
[White "Jones, Gawain"]
[Black "Inarkiev, Ernesto"]
[Result "1-0"]
[WhiteElo "2651"]
[BlackElo "2684"]
[EventDate "2018.03.17"]
[PlyCount "71"]

1.e4 c5 2.Nf3 d6 3.Bb5+ Nd7 4.a4 Nf6 5.Nc3 a6 6.Be2 b6 7.O-O Bb7 8.Re1 g6 
9.d4 cxd4 10.Nxd4 Bg7 11.Bg5 h6 12.Bh4 O-O 13.Bc4 Re8 14.Nf3 Qc7 15.Bb3 
Rac8 16.Qd2 Qc5 17.Rad1 Nh5 18.Nd5 g5 19.Bxg5 hxg5 20.Qxg5 e6 21.Ne7+ Rxe7
22.Qxe7 Nhf6 23.Bxe6 fxe6 24.Qxe6+ Kf8 25.Nh4 Qg5 26.Qxd6+ Kg8 27.Qe6+ Kh7
28.Nf3 Qf4 29.Qh3+ Qh6 30.Ng5+ Kg8 31.Qe6+ Kh8 32.Nf7+ Kh7 33.Nxh6 Nc5 34.
Qf5+ Kxh6 35.Re3 Bh8 36.Rg3 1-0

[Event "19th EUR-ch"]
[Site "Batumi GEO"]
[Date "2018.03.24"]
[Round "7.4"]
[White "Navara, David"]
[Black "Bok, Benjamin"]
[Result "1-0"]
[WhiteElo "2737"]
[BlackElo "2622"]
[EventDate "2018.03.17"]
[PlyCount "113"]

1.e4 e5 2.Nf3 Nc6 3.Bc4 Bc5 4.O-O Nf6 5.d3 O-O 6.a4 a5 7.Bg5 h6 8.Bh4 g5 
9.Bg3 d6 10.c3 Ba7 11.Re1 Ne7 12.d4 Ng6 13.Na3 exd4 14.Nxd4 h5 15.e5 dxe5 
16.Qd3 Nd5 17.Bxe5 c6 18.h3 Ndf4 19.Qc2 Nxe5 20.Rxe5 Bb8 21.Re3 Qf6 22.
Rae1 Bd6 23.Ba2 Bxa3 24.Bb1 Qg6 25.Qb3 Qf6 26.bxa3 Be6 27.Qc2 Rfe8 28.Nf3 
Kf8 29.Ne5 Rad8 30.c4 Bc8 31.Qc3 Kg8 32.Qxa5 Re6 33.Bf5 Red6 34.Bxc8 Rxc8 
35.Nf3 Ne6 36.Nxg5 Nxg5 37.Rg3 Kf8 38.Qxg5 Qxg5 39.Rxg5 Ra8 40.a5 h4 41.
Rh5 Ra7 42.Re4 Rd3 43.Rf4 Rxa3 44.Rh7 Ke7 45.Rfxf7+ Kd6 46.Rxb7 Rxb7 47.
Rxb7 Kc5 48.Rh7 Kxc4 49.Rxh4+ Kd3 50.Rh5 Kd4 51.g4 c5 52.g5 c4 53.g6 c3 
54.Rh4+ Kd3 55.g7 c2 56.g8=Q c1=Q+ 57.Kh2 1-0

[Event "19th EUR-ch"]
[Site "Batumi GEO"]
[Date "2018.03.24"]
[Round "7.5"]
[White "Guseinov, Gadir"]
[Black "Yakovenko, Dmitry"]
[Result "1/2-1/2"]
[WhiteElo "2646"]
[BlackElo "2746"]
[EventDate "2018.03.17"]
[PlyCount "32"]

1.e4 e5 2.Nf3 Nc6 3.Bb5 Nf6 4.O-O Nxe4 5.Re1 Nd6 6.Nxe5 Be7 7.Bf1 Nxe5 8.
Rxe5 O-O 9.d4 Bf6 10.Re1 Re8 11.Bf4 Rxe1 12.Qxe1 Ne8 13.c3 d5 14.Bd3 g6 
15.Nd2 Ng7 16.Nf3 Bf5 1/2-1/2

[Event "19th EUR-ch"]
[Site "Batumi GEO"]
[Date "2018.03.24"]
[Round "7.7"]
[White "Cheparinov, Ivan"]
[Black "Hovhannisyan, Robert"]
[Result "1/2-1/2"]
[WhiteElo "2693"]
[BlackElo "2601"]
[EventDate "2018.03.17"]
[PlyCount "67"]

1.e4 e5 2.Nf3 Nc6 3.Bc4 Bc5 4.d3 Nf6 5.c3 a5 6.O-O d6 7.Re1 O-O 8.h3 h6 9.
Nbd2 Be6 10.Bb5 Qb8 11.Nf1 Qa7 12.Re2 a4 13.Ng3 Bb6 14.Bxc6 bxc6 15.Nh4 
Kh7 16.Nhf5 Ng8 17.Qd2 f6 18.d4 Rf7 19.Qc2 g6 20.Nh4 Ne7 21.Qd2 g5 22.Nhf5
Nxf5 23.exf5 Bc4 24.dxe5 fxe5 25.Re4 Be6 26.Rh4 Bxf2+ 27.Kh1 Bxg3 28.Rxh6+
Kxh6 29.Qxg5+ Kh7 30.Qh6+ Kg8 31.Qg6+ Kh8 32.Qh6+ Kg8 33.Qg6+ Kh8 34.Qh6+ 
1/2-1/2

[Event "19th EUR-ch"]
[Site "Batumi GEO"]
[Date "2018.03.24"]
[Round "7.8"]
[White "Demchenko, Anton"]
[Black "Martirosian, Haik"]
[Result "1-0"]
[WhiteElo "2672"]
[BlackElo "2586"]
[EventDate "2018.03.17"]
[PlyCount "129"]

1.e4 e5 2.Nf3 Nc6 3.Bc4 Bc5 4.d3 Nf6 5.O-O h6 6.c3 d6 7.a4 a6 8.Nbd2 O-O 
9.Re1 Ba7 10.h3 Ne7 11.Bb3 Ng6 12.d4 Re8 13.Bc2 Nh7 14.Nf1 Ng5 15.Nxg5 
hxg5 16.Be3 Be6 17.a5 Nf4 18.Nh2 Qe7 19.Ng4 f6 20.Bb3 Qf7 21.Bxe6 Nxe6 22.
d5 Nc5 23.Qf3 Qg6 24.b4 Nxe4 25.Bxa7 f5 26.Rxe4 Rxa7 27.Qe3 Raa8 28.Rc4 
fxg4 29.Rxg4 Rf8 30.Rxg5 Qc2 31.Rc1 Qb2 32.Rd1 Rf7 33.Qd2 Qb3 34.Re1 Raf8 
35.f3 Rf4 36.Kh2 Qc4 37.Re3 R8f6 38.Rg3 b6 39.axb6 cxb6 40.Re1 a5 41.Ra1 
axb4 42.cxb4 Kh7 43.Ra8 Rg6 44.Rxg6 Kxg6 45.Re8 Kf7 46.Rd8 Ke7 47.Rb8 Qc7 
48.Ra8 Qc4 49.Ra7+ Kf6 50.Qf2 Qd4 51.Qc2 e4 52.Qc7 Kg6 53.Qxd6+ Qf6 54.
Qxf6+ Kxf6 55.Kg3 g5 56.Ra6 e3 57.Rxb6+ Ke5 58.Re6+ Kd4 59.d6 Kd3 60.b5 
Rb4 61.d7 Rd4 62.Re7 Ke2 63.b6 Rd2 64.b7 Kf1 65.Kg4 1-0

[Event "19th EUR-ch"]
[Site "Batumi GEO"]
[Date "2018.03.24"]
[Round "7.9"]
[White "Saric, Ivan"]
[Black "Predke, Alexander"]
[Result "1/2-1/2"]
[WhiteElo "2657"]
[BlackElo "2595"]
[EventDate "2018.03.17"]
[PlyCount "116"]

1.e4 e5 2.Nf3 Nc6 3.Bb5 a6 4.Ba4 Nf6 5.O-O Be7 6.Re1 b5 7.Bb3 d6 8.c3 O-O 
9.h3 Na5 10.Bc2 c5 11.d4 Qc7 12.Nbd2 Bd7 13.Nf1 Nc4 14.Qe2 Rfe8 15.b3 Nb6 
16.dxe5 dxe5 17.c4 Nh5 18.a4 bxa4 19.bxa4 a5 20.Rd1 Nf4 21.Bxf4 exf4 22.e5
g6 23.Qd2 Bc6 24.N1h2 Bf8 25.Qxf4 Bg7 26.Re1 Nd7 27.Be4 Bxe4 28.Rxe4 Nxe5 
29.Kh1 Re7 30.Rae1 Nd3 31.Qxc7 Rxc7 32.Re8+ Rxe8 33.Rxe8+ Bf8 34.Ng4 Kg7 
35.Nfe5 Nxe5 36.Nxe5 Bd6 37.g3 Rb7 38.Nc6 Rb1+ 39.Kg2 Ra1 40.Rd8 Bf8 41.
Rd7 Rxa4 42.Nd8 Rxc4 43.Rxf7+ Kg8 44.Ra7 Re4 45.Rxa5 c4 46.Ra4 Re8 47.Nc6 
c3 48.Rc4 Bg7 49.Nb4 Rd8 50.Nc2 h5 51.Ne3 Rd2 52.g4 hxg4 53.hxg4 Bf6 54.
Kf3 Kf7 55.Rc7+ Ke6 56.Rc6+ Kf7 57.Rc7+ Ke6 58.Rc6+ Ke5 1/2-1/2

[Event "19th EUR-ch"]
[Site "Batumi GEO"]
[Date "2018.03.24"]
[Round "7.10"]
[White "Rakhmanov, Aleksandr"]
[Black "Skoberne, Jure"]
[Result "1-0"]
[WhiteElo "2655"]
[BlackElo "2563"]
[EventDate "2018.03.17"]
[PlyCount "65"]

1.d4 Nf6 2.c4 g6 3.Nc3 Bg7 4.e4 d6 5.h3 O-O 6.Be3 c5 7.Nf3 cxd4 8.Nxd4 Nc6
9.Be2 Nxd4 10.Bxd4 Bd7 11.O-O Bc6 12.Qc2 a5 13.Rad1 Qc7 14.Nd5 Bxd5 15.
exd5 Nd7 16.Bxg7 Kxg7 17.Qc3+ Kg8 18.Rd4 Nc5 19.Rfd1 a4 20.h4 Qa5 21.Qc1 
a3 22.b3 Rfe8 23.Bg4 e5 24.dxe6 Nxe6 25.Rxd6 Nc5 26.Bf3 Ne4 27.R6d5 Qb4 
28.Qf4 Nc3 29.Rd7 Re7 30.Qf6 Rxd7 31.Rxd7 Rf8 32.h5 Nxa2 33.Bd5 1-0

[Event "19th EUR-ch"]
[Site "Batumi GEO"]
[Date "2018.03.24"]
[Round "7.11"]
[White "Piorun, Kacper"]
[Black "Santos Ruiz, Miguel"]
[Result "1/2-1/2"]
[WhiteElo "2653"]
[BlackElo "2488"]
[EventDate "2018.03.17"]
[PlyCount "89"]

1.e4 c5 2.Nf3 d6 3.Bb5+ Nd7 4.O-O a6 5.Bd3 Ngf6 6.c3 b5 7.Bc2 Bb7 8.Qe2 e5
9.d4 cxd4 10.cxd4 exd4 11.Nxd4 g6 12.Bf4 Nh5 13.Be3 Bg7 14.Nc3 Nhf6 15.
Rad1 O-O 16.Nf3 b4 17.Nd5 Nxd5 18.exd5 Nb6 19.Bb3 Re8 20.Rfe1 Rc8 21.h4 
Qd7 22.h5 Qg4 23.Qd2 Nc4 24.Bxc4 Qxc4 25.h6 Bf8 26.Bg5 Rxe1+ 27.Qxe1 a5 
28.b3 Qb5 29.Qe4 Rc5 30.Qh4 Rxd5 31.Re1 Qd7 32.Nh2 Bc8 33.Bc1 Re5 34.Rd1 
Qe7 35.Qxe7 Rxe7 36.Be3 Rb7 37.Rd5 a4 38.bxa4 Be6 39.Rb5 Rxb5 40.axb5 Bxa2
41.Ng4 Be7 42.Bd2 Bd8 43.Bxb4 Be6 44.Ne3 Bd7 45.Bxd6 1/2-1/2

[Event "19th EUR-ch"]
[Site "Batumi GEO"]
[Date "2018.03.24"]
[Round "7.12"]
[White "Yuffa, Daniil"]
[Black "Anton Guijarro, David"]
[Result "1/2-1/2"]
[WhiteElo "2521"]
[BlackElo "2647"]
[EventDate "2018.03.17"]
[PlyCount "58"]

1.d4 Nf6 2.c4 e6 3.g3 d5 4.Nf3 Bb4+ 5.Bd2 Be7 6.Bg2 Nbd7 7.O-O c6 8.Bf4 
dxc4 9.Nbd2 b5 10.Ne5 Nxe5 11.Bxe5 Bb7 12.Rc1 Qa5 13.Bxf6 gxf6 14.b3 c3 
15.Ne4 b4 16.a3 Rd8 17.e3 f5 18.axb4 Bxb4 19.Ng5 Qc7 20.Qh5 Qe7 21.f4 Kf8 
22.Qh6+ Kg8 23.e4 Qf8 24.Qf6 Be7 25.Qe5 h6 26.exf5 Bd6 27.Qf6 Be7 28.Qe5 
Bd6 29.Qf6 Be7 1/2-1/2

[Event "19th EUR-ch"]
[Site "Batumi GEO"]
[Date "2018.03.24"]
[Round "7.13"]
[White "McShane, Luke"]
[Black "Fedorov, Alexei"]
[Result "1-0"]
[WhiteElo "2647"]
[BlackElo "2559"]
[EventDate "2018.03.17"]
[PlyCount "77"]

1.d4 Nf6 2.c4 g6 3.g3 Bg7 4.Bg2 O-O 5.Nc3 d6 6.Nf3 c6 7.O-O Bf5 8.Ne1 Be6 
9.d5 cxd5 10.cxd5 Bd7 11.h3 Na6 12.Nd3 Qa5 13.Bd2 Rfc8 14.Re1 Qd8 15.e4 
Be8 16.e5 dxe5 17.Nxe5 Nc5 18.Bg5 a5 19.Qd2 a4 20.Rad1 a3 21.b3 Qa5 22.Nc4
Qb4 23.d6 Nxb3 24.axb3 Qxb3 25.Bxf6 Bxf6 26.Nd5 Qxc4 27.d7 Bxd7 28.Nxf6+ 
exf6 29.Qxd7 Rc7 30.Re8+ Kg7 31.Rxa8 Rxd7 32.Rxd7 b5 33.Bd5 Qd3 34.Raa7 
Kh6 35.Kg2 b4 36.Bf3 Qb1 37.Rxf7 Kg5 38.h4+ Kf5 39.Rfe7 1-0

[Event "19th EUR-ch"]
[Site "Batumi GEO"]
[Date "2018.03.24"]
[Round "7.14"]
[White "Paravian, David"]
[Black "Grandelius, Nils"]
[Result "1-0"]
[WhiteElo "2613"]
[BlackElo "2646"]
[EventDate "2018.03.17"]
[PlyCount "69"]

1.e4 c5 2.Nf3 d6 3.d4 cxd4 4.Nxd4 Nf6 5.Nc3 a6 6.Be3 e6 7.a3 h5 8.Be2 Nbd7
9.O-O b6 10.f4 Bb7 11.Bf3 Qc7 12.Qe2 Rc8 13.Kh1 Qc4 14.Qd2 Ng4 15.Bg1 Be7 
16.Rae1 Qc7 17.Qe2 g6 18.f5 gxf5 19.exf5 e5 20.f6 Ndxf6 21.Bxb7 Qxb7 22.
Nf5 b5 23.h3 Rc4 24.Bf2 Nxf2+ 25.Qxf2 Ng8 26.Ng7+ Kd8 27.Qxf7 Nh6 28.Qg6 
Kc8 29.Rd1 Kb8 30.Nd5 Ng8 31.Nf5 Bf8 32.Nfe3 Ne7 33.Qxd6+ Ka7 34.Nxc4 Nf5 
35.Qxe5 1-0

[Event "19th EUR-ch"]
[Site "Batumi GEO"]
[Date "2018.03.24"]
[Round "7.16"]
[White "Mamedov, Rauf"]
[Black "Pantsulaia, Levan"]
[Result "1-0"]
[WhiteElo "2709"]
[BlackElo "2593"]
[EventDate "2018.03.17"]
[PlyCount "97"]

1.e4 c6 2.d4 d5 3.e5 Bf5 4.Nf3 e6 5.Be2 Nd7 6.O-O Nh6 7.Nbd2 Be7 8.Nb3 O-O
9.c3 Bg6 10.Bxh6 gxh6 11.Qd2 h5 12.Nc1 Kh8 13.Nd3 Rg8 14.Nf4 Qf8 15.Ne1 h4
16.Nxg6+ hxg6 17.f4 Kg7 18.Nf3 Rh8 19.Ng5 Qd8 20.Rf3 c5 21.Raf1 Rc8 22.Bd3
cxd4 23.cxd4 Qb6 24.Be2 Rc6 25.Rb3 Qc7 26.Bb5 Rc2 27.Qd1 Rc8 28.Qg4 Rc1 
29.Qxh4 Bxg5 30.fxg5 Rxf1+ 31.Bxf1 Rh8 32.Qf4 Nb8 33.Bb5 Nc6 34.Rf3 Kg8 
35.Bxc6 bxc6 36.b4 Rh7 37.g3 Qb6 38.Qd2 Kg7 39.a3 Kf8 40.Rc3 Ke7 41.Kg2 
Qa6 42.Qc2 Kd7 43.h4 Rh8 44.Rf3 Ke8 45.Kh3 Qb5 46.a4 Qb6 47.b5 Qxd4 48.
Qxc6+ Kf8 49.Qxe6 1-0

[Event "19th EUR-ch"]
[Site "Batumi GEO"]
[Date "2018.03.24"]
[Round "7.17"]
[White "Kovchan, Alexander"]
[Black "Matlakov, Maxim"]
[Result "0-1"]
[WhiteElo "2596"]
[BlackElo "2707"]
[EventDate "2018.03.17"]
[PlyCount "94"]

1.c4 Nf6 2.Nf3 c6 3.Nc3 d5 4.e3 Nbd7 5.Qc2 e5 6.cxd5 Nxd5 7.d4 Nb4 8.Qd2 
exd4 9.Nxd4 Nb6 10.a3 N4d5 11.b4 Be7 12.Ne4 O-O 13.Be2 Re8 14.O-O Bxb4 15.
axb4 Rxe4 16.Bb2 Re8 17.Rfd1 Qh4 18.b5 c5 19.Nb3 c4 20.Nc5 Bg4 21.Bxg4 
Qxg4 22.Nxb7 Qd7 23.Qd4 f6 24.e4 Qxb7 25.exd5 Re5 26.Qg4 h5 27.Qf3 Rxd5 
28.Re1 Qd7 29.h4 Qxb5 30.Reb1 Rd3 31.Qe4 Qd5 32.Qg6 c3 33.Re1 Nd7 34.Ra5 
Qxa5 35.Re7 Rd1+ 36.Kh2 Qe5+ 37.Rxe5 Nxe5 38.Qc2 cxb2 39.Qb3+ Kh8 40.Qxb2 
Rad8 41.Kg3 R1d4 42.f3 Ng6 43.Qb5 R8d5 44.Qb8+ Kh7 45.Qxa7 Rxh4 46.Qc7 
Rg5+ 47.Kf2 Rh1 0-1

[Event "19th EUR-ch"]
[Site "Batumi GEO"]
[Date "2018.03.24"]
[Round "7.18"]
[White "Brkic, Ante"]
[Black "Jobava, Baadur"]
[Result "1-0"]
[WhiteElo "2590"]
[BlackElo "2685"]
[EventDate "2018.03.17"]
[PlyCount "133"]

1.e4 e6 2.d4 d5 3.Nc3 Nc6 4.Nf3 Nf6 5.Bd3 Bb4 6.O-O Bxc3 7.exd5 Bxd4 8.
dxc6 Bb6 9.Qe2 bxc6 10.Ne5 Bb7 11.Bg5 h6 12.Bh4 Qd4 13.Bg3 O-O 14.c3 Qd5 
15.Rad1 c5 16.Bh7+ Nxh7 17.Rxd5 exd5 18.c4 d4 19.Nd3 Rfe8 20.Qd2 a5 21.a4 
Be4 22.f3 Bxd3 23.Qxd3 Re3 24.Qd1 Rae8 25.Bf2 R3e6 26.Re1 Nf8 27.Rxe6 Nxe6
28.g3 Nd8 29.Kf1 Nc6 30.Be1 Ne5 31.b3 Nd7 32.Bd2 c6 33.Kf2 h5 34.Bf4 Bd8 
35.h4 Re6 36.Qd3 g6 37.Qd2 Ne5 38.Qd1 Kf8 39.Qd2 Bc7 40.Qd1 Ke8 41.Qd2 Kd7
42.Qd1 Kc8 43.Qd2 Kb7 44.Qd1 Kb6 45.Qd2 Bd6 46.Qd1 Nd7 47.Bd2 Nb8 48.g4 
Nd7 49.gxh5 gxh5 50.Qb1 Be7 51.Qh7 Bxh4+ 52.Kf1 d3 53.Qxh5 Bf6 54.Qxf7 Re2
55.Bf4 Be5 56.Bg5 Kc7 57.Qe7 Bd4 58.Qd8+ Kd6 59.Bf4+ Ke6 60.Qg8+ Ke7 61.
Qh7+ Kd8 62.Qxd3 Rb2 63.Qe4 Rxb3 64.Qxc6 Rb1+ 65.Ke2 Rb2+ 66.Kd1 Nf6 67.
Qd6+ 1-0

[Event "19th EUR-ch"]
[Site "Batumi GEO"]
[Date "2018.03.24"]
[Round "7.19"]
[White "Kravtsiv, Martyn"]
[Black "Hracek, Zbynek"]
[Result "1-0"]
[WhiteElo "2685"]
[BlackElo "2589"]
[EventDate "2018.03.17"]
[PlyCount "69"]

1.d4 Nf6 2.Bf4 d5 3.Nf3 c5 4.e3 Nc6 5.Nbd2 cxd4 6.exd4 Bg4 7.c3 e6 8.Qb3 
Bd6 9.Qxb7 Bxf4 10.Qxc6+ Kf8 11.Ne5 g6 12.Qb7 Qe8 13.Nb3 Kg7 14.Nxg4 Nxg4 
15.g3 Bd6 16.Be2 Nf6 17.Qa6 Qe7 18.Bf3 Rab8 19.Qe2 Qc7 20.O-O h5 21.Rac1 
h4 22.c4 hxg3 23.hxg3 Bxg3 24.fxg3 Qxg3+ 25.Qg2 Qf4 26.Rc3 dxc4 27.Be2 Qh6
28.Bxc4 Ne4 29.Rxf7+ Kxf7 30.Bxe6+ Ke7 31.Rc7+ Ke8 32.Qxe4 Qh2+ 33.Kf1 
Qxc7 34.Qxg6+ Ke7 35.Qg7+ 1-0

[Event "19th EUR-ch"]
[Site "Batumi GEO"]
[Date "2018.03.24"]
[Round "7.20"]
[White "Sargissian, Gabriel"]
[Black "Bogner, Sebastian"]
[Result "1-0"]
[WhiteElo "2677"]
[BlackElo "2588"]
[EventDate "2018.03.17"]
[PlyCount "101"]

1.c4 e6 2.Nc3 d5 3.d4 Nf6 4.cxd5 Nxd5 5.e3 c5 6.Bd3 Nc6 7.Nf3 Be7 8.O-O 
O-O 9.a3 Nxc3 10.bxc3 b6 11.Qc2 g6 12.Rd1 Qc7 13.e4 Bb7 14.Be3 Rfd8 15.h4 
Rac8 16.Qe2 Bf6 17.Rac1 Bg7 18.h5 cxd4 19.cxd4 Qe7 20.hxg6 hxg6 21.Bg5 Bf6
22.Bxf6 Qxf6 23.e5 Qf4 24.Qe3 Qxe3 25.fxe3 Ne7 26.Kf2 Rxc1 27.Rxc1 Rc8 28.
Rxc8+ Nxc8 29.e4 Kg7 30.g4 Kh6 31.g5+ Kg7 32.Ke3 Ne7 33.Nh2 Nc6 34.Ng4 Na5
35.Nf6 Bc6 36.Kd2 Kf8 37.Kc3 Ke7 38.Kb4 Ba8 39.Bb5 Nc6+ 40.Bxc6 Bxc6 41.d5
a5+ 42.Kc4 Ba4 43.Ng4 Kd7 44.Ne3 Kc7 45.Kd4 Bb3 46.Nc4 Ba2 47.Nd6 Kd7 48.
Nxf7 b5 49.d6 b4 50.axb4 axb4 51.Nh8 1-0

[Event "19th EUR-ch"]
[Site "Batumi GEO"]
[Date "2018.03.24"]
[Round "7.21"]
[White "Pashikian, Arman"]
[Black "Berkes, Ferenc"]
[Result "1/2-1/2"]
[WhiteElo "2585"]
[BlackElo "2671"]
[EventDate "2018.03.17"]
[PlyCount "50"]

1.d4 Nf6 2.Nf3 d5 3.c4 e6 4.Nc3 a6 5.cxd5 exd5 6.Bg5 Be6 7.e3 Nbd7 8.h3 c6
9.Bd3 Bd6 10.Bf4 Qc7 11.Bxd6 Qxd6 12.O-O O-O 13.Rb1 Rfe8 14.Qc2 g6 15.Rbe1
Nh5 16.Ng5 Ng7 17.g4 f5 18.f3 Nf6 19.Nxe6 Rxe6 20.gxf5 Qg3+ 21.Qg2 Qxg2+ 
22.Kxg2 Nxf5 23.Bxf5 gxf5 24.Na4 Nd7 25.Kf2 Kf7 1/2-1/2

[Event "19th EUR-ch"]
[Site "Batumi GEO"]
[Date "2018.03.24"]
[Round "7.22"]
[White "Paichadze, Luka"]
[Black "Korobov, Anton"]
[Result "0-1"]
[WhiteElo "2581"]
[BlackElo "2664"]
[EventDate "2018.03.17"]
[PlyCount "98"]

1.e4 c5 2.Nf3 d6 3.d4 cxd4 4.Qxd4 Nf6 5.Nc3 Nc6 6.Bb5 Bd7 7.Bxc6 Bxc6 8.
Bg5 e6 9.O-O-O Be7 10.Rhe1 O-O 11.Qd3 h6 12.Bh4 Qa5 13.Nd4 Rfe8 14.Bxf6 
Bxf6 15.f4 Rac8 16.Kb1 a6 17.g4 b5 18.h4 Bb7 19.g5 hxg5 20.hxg5 Bxd4 21.
Qxd4 b4 22.Ne2 e5 23.Qd3 exf4 24.Nxf4 Qxg5 25.Nd5 Bxd5 26.exd5 Rxe1 27.
Rxe1 Qh4 28.Rc1 Ra8 29.a4 bxa3 30.Qxa3 Qf6 31.Qb3 Re8 32.Qb7 Qe5 33.Rf1 f5
34.Qxa6 Qxd5 35.Qa3 Ra8 36.Qh3 Ra5 37.Qh5 Qa2+ 38.Kc1 Qa1+ 39.Kd2 Rd5+ 40.
Kc3 Qa4 41.b4 Re5 42.Rxf5 Qa3+ 43.Kc4 Re4+ 44.Kd5 Qa8+ 45.Kxd6 Qb8+ 46.Kd5
Qb7+ 47.Kd6 Qb6+ 48.Kd7 Qe6+ 49.Kc7 g6 0-1

[Event "19th EUR-ch"]
[Site "Batumi GEO"]
[Date "2018.03.24"]
[Round "7.23"]
[White "Melkumian, Hrant"]
[Black "Deac, Bogdan-Daniel"]
[Result "1/2-1/2"]
[WhiteElo "2664"]
[BlackElo "2572"]
[EventDate "2018.03.17"]
[PlyCount "98"]

1.c4 c5 2.Nf3 Nc6 3.Nc3 Nf6 4.g3 d5 5.d4 e6 6.cxd5 Nxd5 7.Bg2 cxd4 8.Nxd4 
Nxc3 9.bxc3 Nxd4 10.cxd4 Bb4+ 11.Kf1 O-O 12.Rb1 Be7 13.Qd3 Rb8 14.Be4 h6 
15.Kg2 b6 16.Bb2 Bb7 17.Rhc1 Qd7 18.Bxb7 Qxb7+ 19.Qf3 Qxf3+ 20.Kxf3 Rfc8 
21.Ke4 f6 22.Kd3 b5 23.Rc3 Kf7 24.e4 Ke8 25.g4 Kd7 26.h3 h5 27.gxh5 Rh8 
28.Rbc1 Rb7 29.Ke2 Rxh5 30.Rg3 Bf8 31.e5 b4 32.Rf3 Be7 33.Rg1 Rh7 34.d5 
fxe5 35.Bxe5 exd5 36.Rg6 Rb6 37.Rxb6 axb6 38.Rg3 g5 39.Bd4 Bd6 40.Rxg5 
Rxh3 41.Bxb6 Ra3 42.Rxd5 Rxa2+ 43.Rd2 b3 44.Bd4 Ke6 45.Kd3 Rxd2+ 46.Kxd2 
Kd5 47.Kc3 b2 48.Kxb2 Kxd4 49.f4 Bxf4 1/2-1/2